[Event "Vienna GM February 2022"]
[Site "Vienna"]
[Date "2022.02.19"]
[Round "3.2"]
[White "Kraus, Tomas"]
[Black "Froewis, Georg"]
[Result "1/2-1/2"]
[WhiteElo "2477"]
[BlackElo "2449"]
[Annotator "ChessBase"]
[PlyCount "156"]
[EventDate "2022.02.16"]
[EventType "tourn"]
[EventCountry "AUT"]
[SourceTitle "playchess.com"]
[Source "ChessBase"]
[SourceQuality "1"]
[TimeControl "40/5400+30:1800+30"]

1. d4 {[%emt 0:03:40]} d5 {[%emt 0:00:24]} 2. c4 {[%emt 0:00:33]} e6 {[%emt 0:00:05]} 3. Nf3 {[%emt 0:00:38]} Nf6 {[%emt 0:00:04]} 4. Nc3 {[%emt 0:00:33]} c6 {[%emt 0:00:55]} 5. e3 {[%emt 0:00:40]} Nbd7 {[%emt 0:00:05]} 6. Be2 {[%emt 0:00:38]} Bd6 {[%emt 0:01:21]} 7. O-O {[%emt 0:00:34]} O-O {[%emt 0:00:08]} 8. b3 {[%emt 0:00:45]} b6 {[%emt 0:05:48]} 9. Bb2 {[%emt 0:00:13]} Bb7 {[%emt 0:00:20]} 10. Bd3 {[%emt 0:00:23]} Qe7 {[%emt 0:03:40]} 11. Re1 {[%emt 0:00:54]} Rad8 {[%emt 0:07:35]} 12. e4 {[%emt 0:18:49]} dxe4 {[%emt 0:00:07]} 13. Nxe4 {[%emt 0:00:05]} Ba3 {[%emt 0:03:23]} 14. Bc3 {[%emt 0:25:19]} Bb4 {[%emt 0:09:00]} 15. Qc2 {[%emt 0:03:05]} Bxc3 {[%emt 0:09:29]} 16. Nxc3 {[%emt 0:00:43]} Qd6 {[%emt 0:12:24]} 17. Rad1 {[%emt 0:01:19]} c5 {[%emt 0:02:12]} 18. Ng5 {[%emt 0:08:06]} h6 {[%emt 0:08:23]} 19. dxc5 {[%emt 0:01:05]} Qxc5 {[%emt 0:00:10]} 20. Nge4 {[%emt 0:00:52]} Bxe4 {[%emt 0:07:10]} 21. Bxe4 {[%emt 0:01:32]} Ne5 {[%emt 0:03:05]} 22. h3 {[%emt 0:05:47]} Qc7 {[%emt 0:11:52]} 23. Nb5 {[%emt 0:05:20]} Qb8 {[%emt 0:01:08]} 24. g3 {[%emt 0:02:05]} a6 {[%emt 0:04:46]} 25. Nd4 {[%emt 0:00:57]} Rd7 {[%emt 0:02:05]} 26. Rd2 {[%emt 0:04:53]} Rfd8 {[%emt 0:00:48]} 27. Red1 {[%emt 0:00:11]} Qd6 {[%emt 0:03:12]} 28. Bg2 {[%emt 0:02:17]} Qb4 {[%emt 0:01:14]} 29. f4 {[%emt 0:06:44]} Ng6 {[%emt 0:00:55]} 30. Kh2 {[%emt 0:01:34]} e5 {[%emt 0:01:07]} 31. Nc6 {[%emt 0:01:22]} Qxd2 {[%emt 0:01:41]} 32. Rxd2 {[%emt 0:00:04]} Rxd2 {[%emt 0:00:02]} 33. Qf5 {[%emt 0:03:01]} R8d6 {[%emt 0:00:32]} 34. Nxe5 {[%emt 0:01:14]} Ne7 {[%emt 0:00:34]} 35. Qb1 {[%emt 0:00:22]} Rd1 {[%emt 0:00:37]} 36. Qb2 {[%emt 0:00:50]} R6d2 {[%emt 0:00:36]} 37. Qc3 {[%emt 0:00:48]} Nf5 {[%emt 0:00:38]} 38. Qf3 {[%emt 0:00:37]} Re1 {[%emt 0:01:08]} 39. Qa8+ {[%emt 0:00:23]} Kh7 {[%emt 0:00:02]} 40. Nf3 {[%emt 0:00:53]} Rxg2+ {[%emt 0:00:46]} 41. Kxg2 {[%emt 0:30:11]} Re2+ {[%emt 0:30:35]} 42. Kg1 {[%emt 0:00:27]} Nxg3 {[%emt 0:00:00]} 43. Ne5 {[%emt 0:00:00]} Nfh5 {[%emt 0:00:00]} 44. Nd3 {[%emt 0:00:00]} Rxa2 {[%emt 0:00:00]} 45. b4 {[%emt 0:00:00]} Ne2+ {[%emt 0:00:00]} 46. Kf1 {[%emt 0:00:00]} Nhg3+ {[%emt 0:00:00]} 47. Kf2 {[%emt 0:00:00]} Nf5 {[%emt 0:00:00]} 48. Kf3 {[%emt 0:00:00]} Ned4+ {[%emt 0:00:00]} 49. Ke4 {[%emt 0:00:00]} Re2+ {[%emt 0:00:00]} 50. Kd5 {[%emt 0:00:00]} Re6 {[%emt 0:00:00]} 51. c5 {[%emt 0:00:00]} bxc5 {[%emt 0:00:19]} 52. bxc5 {[%emt 0:00:00]} Nb5 {[%emt 0:01:10]} 53. Kc4 {[%emt 0:00:00]} Ne3+ {[%emt 0:00:55]} 54. Kb3 {[%emt 0:00:00]} Nc7 {[%emt 0:00:55]} 55. Qf8 {[%emt 0:00:06]} f6 {[%emt 0:02:17]} 56. Nb4 {[%emt 0:04:36]} Nf5 {[%emt 0:01:16]} 57. Qc8 {[%emt 0:00:35]} Re3+ {[%emt 0:01:16]} 58. Ka4 {[%emt 0:00:40]} Nd4 {[%emt 0:00:25]} 59. Nc2 {[%emt 0:01:56]} Nxc2 {[%emt 0:00:47]} 60. Qf5+ {[%emt 0:00:01]} Kh8 {[%emt 0:00:15]} 61. Qxc2 {[%emt 0:00:07]} Ne6 {[%emt 0:00:45]} 62. c6 {[%emt 0:01:02]} Nd4 {[%emt 0:00:28]} 63. Qd2 {[%emt 0:01:49]} Re4 {[%emt 0:00:01]} 64. Qd3 {[%emt 0:00:38]} Ne6+ {[%emt 0:00:29]} 65. Ka5 {[%emt 0:00:23]} Rxf4 {[%emt 0:00:29]} 66. Qd6 {[%emt 0:00:35]} Rf5+ {[%emt 0:00:06]} 67. Kxa6 {[%emt 0:00:28]} Re5 {[%emt 0:00:05]} 68. Kb7 {[%emt 0:00:27]} Kh7 {[%emt 0:00:43]} 69. c7 {[%emt 0:00:34]} Nxc7 {[%emt 0:00:12]} 70. Kxc7 {[%emt 0:00:26]} Kh8 {[%emt 0:00:13]} 71. Qd3 {[%emt 0:00:23]} Kg8 {[%emt 0:00:06]} 72. Kd6 {[%emt 0:00:30]} Kh8 {[%emt 0:00:02]} 73. Qg6 {[%emt 0:00:32]} Kg8 {[%emt 0:00:04]} 74. Qg4 {[%emt 0:00:19]} Kh8 {[%emt 0:00:05]} 75. Qc8+ {[%emt 0:00:09]} Kh7 {[%emt 0:00:05]} 76. Qa8 {[%emt 0:00:21]} Re1 {[%emt 0:00:09]} 77. Kd5 {[%emt 0:00:36]} Re5+ {[%emt 0:00:07]} 78. Kd4 {[%emt 0:00:04]} Re7 {[%emt 0:05:40]} 1/2-1/2

[Event "Vienna GM February 2022"]
[Site "Vienna"]
[Date "2022.02.19"]
[Round "3.3"]
[White "Sahidi, Samir"]
[Black "Baumegger, Siegfried"]
[Result "1/2-1/2"]
[WhiteElo "2432"]
[BlackElo "2464"]
[Annotator "ChessBase"]
[PlyCount "51"]
[EventDate "2022.02.16"]
[EventType "tourn"]
[EventCountry "AUT"]
[SourceTitle "playchess.com"]
[Source "ChessBase"]
[SourceQuality "1"]
[TimeControl "40/5400+30:1800+30"]

1. d4 Nf6 2. c4 e6 3. Nc3 Bb4 4. e3 O-O 5. Bd2 d5 6. Nf3 b6 7. cxd5 exd5 8. Rc1 Be7 9. Bd3 Bb7 10. O-O c5 11. Ne5 Nc6 12. Be1 Re8 13. Bb5 Qc7 14. f4 a6 15. Bd3 Rad8 16. Kh1 b5 17. a3 Qb6 18. Qf3 cxd4 19. exd4 Na5 20. Bf2 Nc4 21. Rc2 Nd6 22. Rfc1 Nfe4 23. Bg1 f6 24. Ng4 Bf8 25. Ne3 Nxc3 26. Rxc3 {[%emt 0:13:00]} 1/2-1/2

[Event "Vienna GM February 2022"]
[Site "Vienna"]
[Date "2022.02.19"]
[Round "3.4"]
[White "Baenziger, Fabian"]
[Black "Menezes, Christoph"]
[Result "1/2-1/2"]
[WhiteElo "2418"]
[BlackElo "2415"]
[Annotator "NA"]
[PlyCount "67"]
[EventDate "2022.02.16"]
[EventType "tourn"]
[EventCountry "AUT"]
[SourceTitle "playchess.com"]
[Source "ChessBase"]
[SourceQuality "1"]
[TimeControl "40/5400+30:1800+30"]

1. d4 {[%emt 0:00:02]} Nf6 {[%emt 0:00:46]} 2. c4 {[%emt 0:00:07]} e6 {[%emt 0:00:17]} 3. Nf3 {[%emt 0:00:22]} d5 {[%emt 0:00:28]} 4. g3 {[%emt 0:00:17]} Be7 {[%emt 0:00:39]} 5. Bg2 {[%emt 0:00:07]} O-O {[%emt 0:00:10]} 6. O-O {[%emt 0:00:06]} dxc4 {[%emt 0:00:20]} 7. Qc2 {[%emt 0:00:20]} a6 {[%emt 0:00:40]} 8. a4 {[%emt 0:00:47]} Bd7 {[%emt 0:00:27]} 9. Qxc4 {[%emt 0:00:25]} Bc6 {[%emt 0:00:23]} 10. Bg5 {[%emt 0:01:29]} Nbd7 {[%emt 0:00:28]} 11. Nc3 {[%emt 0:01:42]} h6 {[%emt 0:01:51]} 12. Bxf6 {[%emt 0:03:41]} Nxf6 {[%emt 0:00:18]} 13. Rfe1 {[%emt 0:09:50]} Bd5 {[%emt 0:13:11]} 14. Qd3 {[%emt 0:09:24]} c5 {[%emt 0:02:30]} 15. e4 {[%emt 0:07:10]} Bb3 {[%emt 0:04:17]} 16. d5 {[%emt 0:23:06]} c4 {[%emt 0:08:01]} 17. Qe2 {[%emt 0:07:02]} Bc5 {[%emt 0:09:29]} 18. Nd2 $14 {[%emt 0:02:26]} exd5 {[%emt 0:14:04]} 19. Nxb3 {[%emt 0:07:03]} cxb3 {[%emt 0:00:18]} 20. e5 {[%emt 0:02:09]} Re8 {[%emt 0:02:10]} 21. Qf3 {[%emt 0:07:03]} d4 {[%emt 0:03:14]} 22. exf6 {[%emt 0:04:30]} Rxe1+ {[%emt 0:03:28]} 23. Rxe1 {[%emt 0:00:05]} dxc3 {[%emt 0:00:06]} 24. Qxc3 {[%emt 0:01:43]} Bd4 {[%emt 0:15:06]} 25. Qxb3 {[%emt 0:01:43]} Qxf6 {[%emt 0:00:40]} 26. Re2 {[%emt 0:00:06]} Rb8 {[%emt 0:04:39]} 27. Bd5 {[%emt 0:04:03]} b6 {[%emt 0:00:52]} 28. Kg2 {[%emt 0:04:13]} a5 {[%emt 0:01:15]} 29. Qb5 {[%emt 0:00:51]} g6 {[%emt 0:00:50]} 30. Rd2 {[%emt 0:01:48]} Bc5 {[%emt 0:02:25]} 31. Qd7 {[%emt 0:01:30]} Qe7 {[%emt 0:01:39]} 32. Qc6 {[%emt 0:00:13]} Kg7 {[%emt 0:01:15]} 33. Rd3 {[%emt 0:00:40]} Rd8 {[%emt 0:02:13]} 34. Bc4 {[%emt 0:00:36]} 1/2-1/2

[Event "Vienna GM February 2022"]
[Site "Vienna"]
[Date "2022.02.19"]
[Round "3.5"]
[White "Horvath, Dominik"]
[Black "Diermair, Andreas"]
[Result "0-1"]
[WhiteElo "2483"]
[BlackElo "2469"]
[Annotator "ChessBase"]
[PlyCount "172"]
[EventDate "2022.02.16"]
[EventType "tourn"]
[EventCountry "AUT"]
[SourceTitle "playchess.com"]
[Source "ChessBase"]
[SourceQuality "1"]
[TimeControl "40/5400+30:1800+30"]

1. e4 {[%emt 0:00:01]} e5 {[%emt 0:00:42]} 2. Nf3 {[%emt 0:00:07]} Nc6 {[%emt 0:00:04]} 3. Bb5 {[%emt 0:00:05]} a6 {[%emt 0:00:16]} 4. Ba4 {[%emt 0:00:03]} Nf6 {[%emt 0:00:27]} 5. O-O {[%emt 0:00:06]} Be7 {[%emt 0:00:09]} 6. Re1 {[%emt 0:00:04]} b5 {[%emt 0:00:37]} 7. Bb3 {[%emt 0:00:05]} d6 {[%emt 0:01:31]} 8. a4 {[%emt 0:00:59]} b4 {[%emt 0:12:55]} 9. a5 {[%emt 0:00:34]} O-O {[%emt 0:01:03]} 10. c3 {[%emt 0:00:04]} Rb8 {[%emt 0:02:09]} 11. Bc4 {[%emt 0:01:59]} h6 {[%emt 0:15:39]} 12. d4 {[%emt 0:00:49]} bxc3 {[%emt 0:01:19]} 13. Nxc3 {[%emt 0:00:30]} exd4 {[%emt 0:05:10]} 14. Nxd4 {[%emt 0:00:55]} Nxd4 {[%emt 0:07:04]} 15. Qxd4 {[%emt 0:00:06]} Ng4 {[%emt 0:02:56]} 16. Nd5 {[%emt 0:19:13]} Bh4 {[%emt 0:01:52]} 17. Rf1 {[%emt 0:04:33]} c6 {[%emt 0:04:49]} 18. Nb6 {[%emt 0:00:07]} Bf6 {[%emt 0:01:32]} 19. Qd1 {[%emt 0:01:38]} Ne5 {[%emt 0:01:58]} 20. Be2 {[%emt 0:00:45]} Bb7 {[%emt 0:00:55]} 21. f4 {[%emt 0:05:14]} Ng6 {[%emt 0:04:04]} 22. Bg4 {[%emt 0:02:33]} c5 {[%emt 0:05:43]} 23. Nd7 {[%emt 0:17:28]} Bd4+ {[%emt 0:00:21]} 24. Kh1 {[%emt 0:00:02]} Bxe4 {[%emt 0:02:04]} 25. Nxb8 {[%emt 0:00:09]} Nh4 {[%emt 0:04:01]} 26. Bf3 {[%emt 0:08:56]} Bxf3 {[%emt 0:00:42]} 27. gxf3 {[%emt 0:00:04]} Qxb8 {[%emt 0:00:07]} 28. Qd3 {[%emt 0:10:40]} Qc8 {[%emt 0:01:07]} 29. Re1 {[%emt 0:10:51]} Qc6 {[%emt 0:05:38]} 30. Ra3 {[%emt 0:00:23]} Rb8 {[%emt 0:01:03]} 31. f5 {[%emt 0:05:59]} Qc8 {[%emt 0:02:35]} 32. Qc2 {[%emt 0:09:25]} d5 {[%emt 0:03:41]} 33. Qd3 {[%emt 0:01:13]} Nxf5 {[%emt 0:01:29]} 34. Rb3 {[%emt 0:00:02]} Rxb3 {[%emt 0:03:49]} 35. Qxb3 {[%emt 0:00:02]} Qd8 {[%emt 0:02:57]} 36. Qd3 {[%emt 0:01:26]} Qf6 {[%emt 0:01:27]} 37. b3 {[%emt 0:00:18]} Qg6 {[%emt 0:01:49]} 38. Qe2 {[%emt 0:00:32]} Nh4 {[%emt 0:02:04]} 39. Bf4 {[%emt 0:00:54]} Bc3 {[%emt 0:00:59]} 40. Rg1 {[%emt 0:00:26]} Qf6 {[%emt 0:00:30]} 41. Bb8 {[%emt 0:16:09]} Bd4 {[%emt 0:08:26]} 42. Rf1 {[%emt 0:00:58]} Nf5 {[%emt 0:04:20]} 43. Bf4 {[%emt 0:05:07]} g5 {[%emt 0:02:16]} 44. Bd2 {[%emt 0:01:27]} Qg6 {[%emt 0:03:59]} 45. Rc1 {[%emt 0:03:18]} Qh5 {[%emt 0:01:36]} 46. Be1 {[%emt 0:01:55]} Be3 {[%emt 0:13:36]} 47. Rc3 {[%emt 0:00:02]} d4 {[%emt 0:00:00]} 48. Rxc5 {[%emt 0:00:03]} d3 {[%emt 0:00:00]} 49. Rc8+ {[%emt 0:00:02]} Kh7 {[%emt 0:00:00]} 50. Qg2 {[%emt 0:00:33]} Bf4 {[%emt 0:00:00]} 51. Qb2 {[%emt 0:06:29]} Qxf3+ {[%emt 0:00:00]} 52. Qg2 {[%emt 0:00:01]} Qxg2+ {[%emt 0:00:00]} 53. Kxg2 {[%emt 0:00:02]} d2 {[%emt 0:00:00]} 54. Bxd2 {[%emt 0:00:01]} Bxd2 {[%emt 0:00:03]} 55. Rc6 {[%emt 0:01:59]} Bxa5 {[%emt 0:00:18]} 56. Rxa6 {[%emt 0:00:02]} Bd2 {[%emt 0:01:04]} 57. Rf6 {[%emt 0:00:21]} Nh4+ {[%emt 0:00:39]} 58. Kf2 {[%emt 0:01:06]} Kg7 {[%emt 0:00:14]} 59. Rb6 {[%emt 0:00:13]} Nf5 {[%emt 0:01:23]} 60. Kf3 {[%emt 0:00:49]} h5 {[%emt 0:01:31]} 61. h3 {[%emt 0:00:03]} Bf4 {[%emt 0:01:17]} 62. b4 {[%emt 0:00:06]} Nd6 {[%emt 0:00:32]} 63. Rc6 {[%emt 0:01:03]} Kf8 {[%emt 0:00:24]} 64. Rc5 {[%emt 0:00:14]} Ke7 {[%emt 0:00:32]} 65. b5 {[%emt 0:00:02]} Kd7 {[%emt 0:00:16]} 66. b6 {[%emt 0:00:03]} Nb7 {[%emt 0:00:12]} 67. Rc2 {[%emt 0:01:00]} Bd6 {[%emt 0:00:45]} 68. Rg2 {[%emt 0:00:50]} f6 {[%emt 0:00:07]} 69. Ke4 {[%emt 0:00:39]} Ke6 {[%emt 0:00:07]} 70. Ra2 {[%emt 0:00:09]} f5+ {[%emt 0:00:11]} 71. Kf3 {[%emt 0:00:12]} g4+ {[%emt 0:00:14]} 72. Kg2 {[%emt 0:00:14]} f4 {[%emt 0:00:36]} 73. hxg4 {[%emt 0:00:04]} hxg4 {[%emt 0:00:03]} 74. Ra7 {[%emt 0:00:13]} f3+ {[%emt 0:01:03]} 75. Kf2 {[%emt 0:00:03]} Bc5+ {[%emt 0:00:52]} 76. Kg3 {[%emt 0:00:03]} f2 {[%emt 0:00:34]} 77. Kg2 {[%emt 0:00:19]} Nd6 {[%emt 0:00:14]} 78. Rg7 {[%emt 0:00:32]} Bxb6 {[%emt 0:00:24]} 79. Rxg4 {[%emt 0:00:03]} Ke5 {[%emt 0:00:52]} 80. Rb4 {[%emt 0:01:04]} Bc5 {[%emt 0:00:46]} 81. Rb2 {[%emt 0:00:10]} Ne4 {[%emt 0:00:06]} 82. Ra2 {[%emt 0:03:26]} Kf4 {[%emt 0:00:37]} 83. Re2 {[%emt 0:00:28]} Bd4 {[%emt 0:00:09]} 84. Ra2 {[%emt 0:00:19]} Ke3 {[%emt 0:00:20]} 85. Ra8 {[%emt 0:00:56]} Ke2 {[%emt 0:00:51]} 86. Rf8 {[%emt 0:00:08]} Nf6 {[%emt 0:00:29]} 0-1

[Event "Vienna GM February 2022"]
[Site "Vienna"]
[Date "2022.02.20"]
[Round "4.1"]
[White "Diermair, Andreas"]
[Black "Dragnev, Valentin"]
[Result "1/2-1/2"]
[WhiteElo "2469"]
[BlackElo "2533"]
[Annotator "TA"]
[PlyCount "54"]
[EventDate "2022.02.16"]
[EventType "tourn"]
[EventCountry "AUT"]
[SourceTitle "playchess.com"]
[Source "ChessBase"]
[SourceQuality "1"]

{[%evp 22,54,24,14,18,18,33,25,27,31,15,-9,-12,-9,-7,-19,0,0,0,3,28,24,36,9,9,9,9,7,7,8,8,6,6,7,0]} 1. d4 Nf6 2. Nf3 d5 3. c4 e6 4. Nc3 Be7 5. Bf4 O-O 6. e3 c5 7. dxc5 Bxc5 8. a3 Nc6 9. cxd5 Nxd5 10. Nxd5 exd5 11. Bd3 Bb6 12. O-O Qf6 {D37: Queen's Gambit Declined: 5 Bf4.} 13. b4 {[%cal Bb2b4,Bb4b5][%mdl 32]} h6 14. b5 Nd4 {White has an edge.} 15. Nxd4 Bxd4 16. Bh7+ Kxh7 17. Qxd4 Qxd4 18. exd4 {[#]} Bf5 $146 ({Predecessor:} 18... Bd7 19. Rfb1 Rfc8 20. b6 Rc2 21. bxa7 Rxa7 22. Bb8 Ra8 23. Rxb7 Rxa3 24. Rbb1 Rb2 {½-½ (30) Kuzubov,Y (2636)-Alekseenko,K (2674) Batumi 2019}) 19. Rfc1 Rac8 20. Rc5 Be6 21. Rac1 b6 22. Rxc8 Rxc8 {The position is equal.} 23. Rxc8 Bxc8 $14 {KB-KB} 24. Bb8 a6 25. bxa6 Bxa6 26. Ba7 b5 27. f3 g5 {A balanced but interesting game.  Weighted Error Value: White=0.04 (flawless) /Black=0.05 (flawless)} 1/2-1/2

[Event "Vienna GM February 2022"]
[Site "Vienna"]
[Date "2022.02.20"]
[Round "4.2"]
[White "Menezes, Christoph"]
[Black "Horvath, Dominik"]
[Result "1-0"]
[WhiteElo "2415"]
[BlackElo "2483"]
[Annotator "TA"]
[PlyCount "104"]
[EventDate "2022.02.16"]
[EventType "tourn"]
[EventCountry "AUT"]
[SourceTitle "playchess.com"]
[Source "ChessBase"]
[SourceQuality "1"]

{[%evp 24,104,35,46,79,10,21,28,20,-116,-122,-118,-6,-9,-40,-93,-118,-127,-123,-104,-102,-229,0,-58,12,9,8,8,8,8,2,8,9,9,4,10,14,9,9,9,60,63,63,26,30,30,28,20,20,20,20,20,20,20,20,20,20,20,20,20,20,20,18,18,26,20,26,26,150,150,150,150,5717,5692,5416,1601,29980,29981,29986,29987,29987,29988,29991]} 1. d4 d5 2. c4 e6 3. Nf3 Nf6 4. Nc3 c6 5. Bg5 dxc4 6. e4 b5 7. e5 h6 8. Bh4 g5 9. Nxg5 hxg5 10. Bxg5 Nbd7 11. g3 Bb7 12. Bg2 Qb6 13. exf6 O-O-O {D44: Semi-Slav: Botvinnik System.} 14. Qg4 {White is more active.} (14. O-O $16) 14... b4 $11 15. Ne2 c5 {[#] White has an edge.} 16. Bxb7+ $146 (16. O-O $1 $11 {was the only way to keep the balance.}) ({Predecessor:} 16. O-O cxd4 17. Qxd4 Bxg2 18. Qxb6 Nxb6 19. Kxg2 Bh6 20. Bxh6 Rxh6 21. Rad1 Rxf6 22. Rxd8+ Kxd8 23. Rd1+ Ke7 24. Nd4 {½-½ (24) Fuzishawa,R (2243)-Marko,M (2300) LSS email 2013}) 16... Qxb7 $17 17. O-O-O Nb6 (17... Bd6 $1 $17 {[%cal Oc4c3] ...c3! is the strong threat.} 18. f3 (18. dxc5 $2 Ne5 $19) 18... Rdg8 19. dxc5 Bxc5) 18. Be3 cxd4 19. Bxd4 (19. Nxd4 $15 Nd5 20. Qe2) 19... Bh6+ 20. Be3 Bxe3+ 21. fxe3 Rd3 $1 22. Rhe1 (22. Nd4 $17 {was necessary.}) 22... Rxe3 $2 (22... Qa6 $1 $19 {[%cal Ra6a2]} 23. Kb1 (23. Qg7 $2 Rhd8 $19) 23... c3) 23. Qd4 (23. Qg7 $11 Re8 24. Qg5) 23... Qe4 (23... Rf3 $15) 24. Qc5+ $1 $11 Kb7 {[#]} 25. Nc3 $1 bxc3 26. Qxe3 {Chess con chili.} (26. Rxe3 $2 {is the wrong capture.} cxb2+ 27. Kxb2 Na4+ 28. Kc1 Nxc5 $19) 26... cxb2+ 27. Kxb2 Rxh2+ 28. Ka1 Qxe3 29. Rxe3 {[%mdl 4096] Endgame KRR-KRN} Nd5 30. Rb1+ Kc6 $132 {[%mdl 2048] Black is not keeping still} 31. Ra3 {Threatening Rc1.} Nxf6 ({Black should try} 31... Rf2 $11) 32. Rc1 $14 Kb5 33. Rac3 (33. Rxa7 $5 {[%cal Ra7c7]} Nd5 34. Rxf7 $16) 33... Nd5 $1 34. Rxc4 Nb4 35. Kb1 {aiming for Rc7.} (35. Rc7 {seems wilder.} Rxa2+ 36. Kb1 Rg2 37. Rxf7 Rxg3 38. Rxa7 Rb3+ 39. Ka1) 35... Nxa2 36. R1c2 Rxc2 37. Rxc2 $11 {KR-KN} Nb4 38. Rf2 f5 39. Re2 Kc5 40. Rxe6 Kd5 {Prevents Re5+.} 41. Re8 Nd3 42. Kc2 Nf2 43. Re3 {Hoping for Rf3.} Nh3 44. Re7 {Black should prevent Kd2.} Nf2 45. Rxa7 Ke4 {[#]} (45... Ke5 $11) 46. Ra3 $1 $16 Nh3 {[#]} 47. Kd2 $1 f4 $2 (47... Ng5 $16 48. Ke2 Ne6 49. Re3+ Kd5) 48. g4 $18 {[%cal Bg3g4,Bg4g5,Bg5g6][%mdl 32]} ({Not} 48. Ra4+ Kf3 $14) 48... Ng5 49. Ra5 (49. Rb3 $142 Ne6 50. Ra3) 49... Nh3 50. g5 {White mates.} f3 51. g6 f2 52. Ra1 Kd5 {Quite a comeback for White.  Weighted Error Value: White=0.21 (precise) /Black=0.43} 1-0

[Event "Vienna GM February 2022"]
[Site "Vienna"]
[Date "2022.02.20"]
[Round "4.3"]
[White "Baumegger, Siegfried"]
[Black "Baenziger, Fabian"]
[Result "0-1"]
[WhiteElo "2464"]
[BlackElo "2418"]
[Annotator "ChessBase"]
[PlyCount "94"]
[EventDate "2022.02.16"]
[EventType "tourn"]
[EventCountry "AUT"]
[SourceTitle "playchess.com"]
[Source "ChessBase"]
[SourceQuality "1"]
[TimeControl "40/5400+30:1800+30"]

1. e4 {[%emt 0:00:03]} c5 {[%emt 0:04:10]} 2. Nf3 {[%emt 0:00:08]} d6 {[%emt 0:00:40]} 3. d4 {[%emt 0:00:10]} cxd4 {[%emt 0:00:06]} 4. Nxd4 {[%emt 0:00:05]} Nf6 {[%emt 0:00:08]} 5. Nc3 {[%emt 0:00:05]} a6 {[%emt 0:00:22]} 6. Be3 {[%emt 0:00:45]} e5 {[%emt 0:01:01]} 7. Nf3 {[%emt 0:00:34]} Be7 {[%emt 0:02:01]} 8. Bc4 {[%emt 0:00:23]} Be6 {[%emt 0:02:21]} 9. Bb3 {[%emt 0:03:40]} Nbd7 {[%emt 0:08:56]} 10. O-O {[%emt 0:00:59]} Qc7 {[%emt 0:03:50]} 11. Re1 {[%emt 0:20:03]} Rc8 {[%emt 0:11:01]} 12. Nh4 {[%emt 0:16:04]} g6 {[%emt 0:06:17]} 13. Bh6 {[%emt 0:06:22]} Nc5 {[%emt 0:07:48]} 14. Nf3 {[%emt 0:03:19]} Ng4 {[%emt 0:08:13]} 15. Qd2 {[%emt 0:05:01]} Nxh6 {[%emt 0:19:15]} 16. Qxh6 {[%emt 0:00:06]} Bf8 {[%emt 0:00:09]} 17. Qd2 {[%emt 0:00:32]} Be7 {[%emt 0:00:38]} 18. Qh6 {[%emt 0:03:44]} Bf8 {[%emt 0:00:22]} 19. Qd2 {[%emt 0:00:17]} Be7 {[%emt 0:01:12]} 20. Nd5 {[%emt 0:00:11]} Qd8 {[%emt 0:01:44]} 21. Rad1 {[%emt 0:02:34]} O-O {[%emt 0:05:10]} 22. c3 {[%emt 0:10:01]} Re8 {[%emt 0:02:55]} 23. Bc2 {[%emt 0:02:39]} Bf8 {[%emt 0:01:20]} 24. Qe3 {[%emt 0:05:32]} Nd7 {[%emt 0:01:18]} 25. Bb3 {[%emt 0:03:19]} Nc5 {[%emt 0:02:37]} 26. h4 {[%emt 0:00:53]} Kh8 {[%emt 0:03:14]} 27. Re2 {[%emt 0:04:14]} h6 {[%emt 0:03:10]} 28. Red2 {[%emt 0:02:03]} f5 {[%emt 0:01:06]} 29. exf5 {[%emt 0:00:20]} gxf5 {[%emt 0:00:34]} 30. g3 {[%emt 0:03:58]} Ne4 {[%emt 0:02:02]} 31. Re2 {[%emt 0:01:46]} Nc5 {[%emt 0:00:12]} 32. Bc2 {[%emt 0:01:12]} Bg7 {[%emt 0:00:51]} 33. h5 {[%emt 0:01:10]} f4 {[%emt 0:00:57]} 34. gxf4 {[%emt 0:00:35]} e4 {[%emt 0:00:23]} 35. Ne1 {[%emt 0:02:07]} Bg4 {[%emt 0:01:15]} 36. b4 {[%emt 0:01:13]} Nd7 {[%emt 0:00:28]} 37. f3 {[%emt 0:00:57]} Bxh5 {[%emt 0:00:42]} 38. Bxe4 {[%emt 0:00:56]} Nf6 {[%emt 0:00:05]} 39. Nxf6 {[%emt 0:00:50]} Qxf6 {[%emt 0:00:07]} 40. Rd3 {[%emt 0:01:06]} Rxc3 {[%emt 0:01:17]} 41. Rh2 {[%emt 0:07:52]} Rxd3 {[%emt 0:03:07]} 42. Qxd3 {[%emt 0:04:01]} Bf7 {[%emt 0:01:44]} 43. Nc2 {[%emt 0:04:08]} Qxf4 {[%emt 0:10:29]} 44. Bxb7 {[%emt 0:10:31]} Qg3+ {[%emt 0:06:45]} 45. Kh1 {[%emt 0:00:37]} Bg6 {[%emt 0:00:17]} 46. Qd2 {[%emt 0:02:11]} Bxc2 {[%emt 0:00:26]} 47. Rxh6+ {[%emt 0:00:25]} Bxh6 {[%emt 0:00:20]} 0-1

[Event "Vienna GM February 2022"]
[Site "Vienna"]
[Date "2022.02.20"]
[Round "4.4"]
[White "Froewis, Georg"]
[Black "Sahidi, Samir"]
[Result "0-1"]
[WhiteElo "2449"]
[BlackElo "2432"]
[Annotator "NA"]
[PlyCount "64"]
[EventDate "2022.02.16"]
[EventType "tourn"]
[EventCountry "AUT"]
[SourceTitle "playchess.com"]
[Source "ChessBase"]
[SourceQuality "1"]
[TimeControl "40/5400+30:1800+30"]

1. c4 {[%emt 0:00:03]} Nf6 {[%emt 0:00:15]} 2. Nc3 {[%emt 0:00:05]} g6 {[%emt 0:01:54]} 3. d4 {[%emt 0:00:23]} d5 {[%emt 0:01:10]} 4. Nf3 {[%emt 0:00:05]} Bg7 {[%emt 0:01:49]} 5. h4 {[%emt 0:00:04]} c6 {[%emt 0:03:13]} 6. cxd5 {[%emt 0:00:52]} cxd5 {[%emt 0:00:43]} 7. Bf4 {[%emt 0:00:05]} Nc6 {[%emt 0:01:39]} 8. e3 {[%emt 0:00:05]} O-O {[%emt 0:04:29]} 9. Be2 {[%emt 0:00:04]} Bg4 {[%emt 0:01:23]} 10. Qb3 {[%emt 0:00:05]} Na5 {[%emt 0:04:03]} 11. Qb4 {[%emt 0:00:09]} Rc8 {[%emt 0:01:32]} 12. O-O {[%emt 0:06:50]} e6 {[%emt 0:05:56]} 13. Rac1 {[%emt 0:04:05]} Nh5 {[%emt 0:11:31]} 14. Bd6 {[%emt 0:11:00]} Re8 {[%emt 0:04:29]} 15. Ne5 {[%emt 0:06:18]} Bxe2 {[%emt 0:06:04]} 16. Nxe2 {[%emt 0:00:28]} Nc4 $1 {[%emt 0:08:42]} 17. Nxc4 {[%emt 0:02:20]} dxc4 {[%emt 0:00:54]} 18. Bh2 {[%emt 0:10:57]} Qd5 {[%emt 0:02:59]} 19. Nc3 {[%emt 0:03:36]} Qd7 $11 {[%emt 0:06:05]} 20. Nb5 {[%emt 0:28:10]} Bf8 {[%emt 0:00:26]} 21. Qa5 {[%emt 0:01:07]} Rc6 {[%emt 0:06:02]} 22. a4 {[%emt 0:15:10]} Nf6 {[%emt 0:03:33]} 23. Qd2 {[%emt 0:03:23]} b6 {[%emt 0:01:10]} 24. Qe2 {[%emt 0:01:43]} Rec8 {[%emt 0:00:33]} 25. Rfd1 {[%emt 0:01:34]} Nd5 {[%emt 0:01:07]} 26. Qf3 {[%emt 0:01:08]} a6 {[%emt 0:01:18]} 27. Nc3 {[%emt 0:02:34]} Bg7 {[%emt 0:01:25]} 28. e4 {[%emt 0:01:08]} Nb4 {[%emt 0:00:53]} 29. d5 {[%emt 0:00:04]} exd5 {[%emt 0:00:10]} 30. Nxd5 {[%emt 0:00:31]} Nd3 {[%emt 0:01:31]} 31. e5 {[%emt 0:01:15]} Qe6 {[%emt 0:02:39]} 32. Nxb6 {[%emt 0:00:35]} Rxb6 {[%emt 0:00:46]} 0-1